Corel Draw 10 Step-by-step Learning (E-Book) (Record no. 191363)
[ view plain ]
| 000 -LEADER | |
|---|---|
| fixed length control field | 00491 a2200145 4500 |
| 003 - CONTROL NUMBER IDENTIFIER | |
| control field | Nust |
| 005 - DATE AND TIME OF LATEST TRANSACTION | |
| control field | 20170207154014.0 |
| 040 ## - CATALOGING SOURCE | |
| Transcribing agency | Nust |
| 100 ## - MAIN ENTRY--PERSONAL NAME | |
| Personal name | Nora Syikin |
| 245 ## - TITLE STATEMENT | |
| Title | Corel Draw 10 Step-by-step Learning (E-Book) |
| Statement of responsibility, etc. | Nora Syikin |
| 260 ## - PUBLICATION, DISTRIBUTION, ETC. | |
| Name of publisher, distributor, etc. | Inner Esteem. |
| Date of publication, distribution, etc. | 2001 |
| 300 ## - PHYSICAL DESCRIPTION | |
| Extent | 97.p |
| 505 ## - FORMATTED CONTENTS NOTE | |
| Formatted contents note | Using Corel Draw File (Page-4) Working Corel Draw Pages (Page-13) Working With Various Shapes (Page-31) Working With Objects (Page-48) Working With Special Effects (Page-70) |
| 651 ## - SUBJECT ADDED ENTRY--GEOGRAPHIC NAME | |
| Geographic name | E-Book |
| 942 ## - ADDED ENTRY ELEMENTS (KOHA) | |
| Source of classification or shelving scheme | |
| Koha item type | Book |
| Withdrawn status | Lost status | Source of classification or shelving scheme | Damaged status | Not for loan | Collection code | Permanent Location | Current Location | Date acquired | Total Checkouts | Barcode | Date last seen | Price effective from | Koha item type |
|---|---|---|---|---|---|---|---|---|---|---|---|---|---|
| Military College of Signals (MCS) | Military College of Signals (MCS) | 12/12/2016 | MCSEB-403 | 12/08/2016 | 12/12/2016 | Book |
